Las luchas fraticidas de España : el Congreso de Utrecht /

Historia de España en 10 volúmenes en que se describe la lucha por el poder en el período comprendido entre la muerte de Carlos II y la coronación definitiva de Felipe V como rey.

Gorde:
Xehetasun bibliografikoak
Egile nagusia: Danvila, Alfonso (autor)
Formatua: Liburua
Hizkuntza:gaztelania
Argitaratua: Madrid, España : Espasa-Calpe, 1931, c1931
Edizioa:2a edición
Gaiak:
Etiketak: Etiketa erantsi
Etiketarik gabe, Izan zaitez lehena erregistro honi etiketa jartzen!

MARC

LEADER 00000nam^a2200000^a^4500
001 000271354
005 20250521000000.0
009 20260310111025.89
025 |a Donación sin dato, 1 ejemplar 
037 |a Acervo ITESO - Biblioteca 
041 |a ESP 
082 |a 946. 05  |b DAN V. 8 T. 2 
100 |a Danvila, Alfonso  |e (autor) 
240 1 5 |a [Las luchas fraticidas de España] 
245 1 4 |a Las luchas fraticidas de España :  |b el Congreso de Utrecht /  |c A. Danvila. 
250 |a 2a edición 
264 4 |a Madrid, España :  |b Espasa-Calpe,  |c 1931, c1931 
300 |a 286 p. 
336 |a texto  |b txt  |2 rdacontenido 
337 |a sin mediación  |b n  |2 rdamedio 
338 |a volumen  |b nc  |2 rdasoporte 
520 |a Historia de España en 10 volúmenes en que se describe la lucha por el poder en el período comprendido entre la muerte de Carlos II y la coronación definitiva de Felipe V como rey. 
649 |a XX 
650 |a Tratado de Utrecht 
650 |a Tratados Internacionales 
650 |a Guerra Civil -  |z España 
650 |a Guerra y Paz -  |z España 
650 |a Política -  |z España -  |x Historia -  |y Casa de Austria, 1516-1700 
650 |a Política -  |z España -  |x Historia -  |y Felipe V, 1700-1746 
650 |a Política -  |z España -  |x Historia -  |y Siglo XVIII 
650 |a Política -  |z España -  |x Historia -  |y Borbones, 1700-1931 
650 |a España -  |x Historia -  |y Casa de Austria, 1516-1700 
650 |a España -  |x Historia -  |y Felipe V, 1700-1746 
650 |a España -  |x Historia -  |y Siglo XVIII 
650 |a España -  |x Historia -  |y Borbones, 1700-1931 
650 |a Felipe V, Rey de España 
910 |a Fondo General 
920 |a Impresos - Libros 
930 |a Colección General 
905 |a 101 
901 |a 0500157066  |b IT1  |c ACC  |i D  |u 20250521 
902 |a https://opac.biblio.iteso.mx/vufind/Record/000271354